[Event "Foment Martinenc op-C 20th"]
[Site "Barcelona"]
[Date "2018.05.26"]
[Round "6"]
[White "Pascual Damas, Oscar"]
[Black "Rodriguez Pinillos, Diana"]
[Result "0-1"]
[WhiteElo "1672"]
[BlackElo "1441"]
[PlyCount "102"]
[EventDate "2018.04.21"]
[EventType "swiss"]
[EventRounds "9"]
[EventCountry "ESP"]
[SourceTitle "CBM 184 Extra"]
[Source "ChessBase"]
[SourceDate "2018.06.28"]
[SourceVersion "1"]
[SourceVersionDate "2018.06.28"]
[SourceQuality "1"]

1. e4 e5 2. Nf3 Nc6 3. Bc4 Nf6 4. Ng5 d5 5. exd5 Na5 6. Bb5+ c6 7. dxc6 bxc6 8. Qf3 Bd7 9. b4 cxb5 10. bxa5 h6 11. Ne4 Be7 12. 0-0 0-0 13. d3 Rc8 14. c3 Qxa5 15. Bxh6 Nxe4 16. dxe4 gxh6 17. Qg3+ Kh7 18. Qxe5 Be6 19. a4 Rc5 20. Qd4 Rd8 21. Qb4 bxa4 22. Rxa4 Qc7 23. g3 Rh5 24. Qb2 Bf6 25. Qc2 Kg7 26. Qe2 Rc5 27. Qe3 a5 28. Rc1 Bg5 29. f4 Be7 30. c4 Bxc4 31. Raxc4 Rxc4 32. Rxc4 Qxc4 33. Qc3+ Rd4 34. Qxc4 Rxc4 35. Kg2 Rxe4 36. Nc3 Rc4 37. Nd5 Bd6 38. Kf3 a4 39. Nb6 Rc3+ 40. Ke2 a3 41. Na4 a2 42. Nxc3 a1Q 43. Ne4 Qb2+ 44. Kf3 Be7 45. h4 h5 46. g4 hxg4+ 47. Kxg4 Qe2+ 48. Kf5 Bxh4 49. Ng5 Qb5+ 50. Kg4 Bxg5 51. fxg5 Kg6 0-1

[Event "Foment Martinenc op-C 19st"]
[Site "Barcelona"]
[Date "2017.05.20"]
[Round "5.42"]
[White "Rodriguez Pinillos, Diana"]
[Black "Orts Gonzalez, Rafael"]
[Result "0-1"]
[WhiteElo "1480"]
[BlackElo "1401"]
[PlyCount "88"]
[EventDate "2017.04.22"]
[EventType "swiss"]
[EventRounds "9"]
[EventCountry "ESP"]
[SourceTitle "EXT 2024"]
[Source "ChessBase"]
[SourceDate "2023.10.10"]
[SourceVersion "1"]
[SourceVersionDate "2023.10.10"]
[SourceQuality "1"]

1. e4 e5 2. Nf3 f6 3. Bc4 Bc5 4. Nc3 a6 5. d4 exd4 6. Nxd4 Ba7 7. Qh5+ g6 8. Qd5 Qe7 9. e5 Nc6 10. 0-0 Bxd4 11. exf6 Qxf6 12. Re1+ Nge7 13. Bh6 Bxf2+ 14. Kh1 Bxe1 15. Rxe1 d6 16. Bg5 Qf5 17. Qd2 Bd7 18. Nd5 Ne5 19. Nxc7+ Kd8 20. Nxa8 Nxc4 21. Qc3 Rf8 22. Bxe7+ Kc8 23. Qxc4+ Bc6 24. Bxf8 Qxf8 25. Nb6+ Kb8 26. Re6 Qd8 27. Nd5 Bxd5 28. Qxd5 Ka8 29. Rxd6 Qh4 30. Rxa6+ Kb8 31. Qe5+ Kc8 32. Qe8+ Kc7 33. Qf7+ Kb8 34. g3 Qe4+ 35. Kg1 Qe1+ 36. Kg2 Qe2+ 37. Kh3 Qxa6 38. Qf8+ Ka7 39. Qf2+ Ka8 40. g4 Qxa2 41. Qf7 Qxf7 42. b4 h5 43. b5 Qf3+ 44. Kh4 Qxg4# 0-1

[Event "Foment Martinenc op-C 19st"]
[Site "Barcelona"]
[Date "2017.05.06"]
[Round "3.44"]
[White "Rodriguez Pinillos, Diana"]
[Black "Bienvenido Kleque, Jose"]
[Result "1/2-1/2"]
[WhiteElo "1480"]
[BlackElo "1665"]
[PlyCount "42"]
[EventDate "2017.04.22"]
[EventType "swiss"]
[EventRounds "9"]
[EventCountry "ESP"]
[SourceTitle "EXT 2024"]
[Source "ChessBase"]
[SourceDate "2023.10.10"]
[SourceVersion "1"]
[SourceVersionDate "2023.10.10"]
[SourceQuality "1"]

1. e4 c6 2. d4 d5 3. exd5 cxd5 4. c4 Nf6 5. Bf4 dxc4 6. Bxc4 e6 7. Nc3 Bd6 8. Nge2 Bxf4 9. Nxf4 0-0 10. 0-0 a6 11. a4 Nc6 12. Re1 Qxd4 13. Qxd4 Nxd4 14. Re5 Nc6 15. Rg5 e5 16. Nh5 Nxh5 17. Rxh5 Be6 18. Bd3 g6 19. Rh6 Kg7 20. Rh4 Rad8 21. Be4 Rd6 1/2-1/2